Normal view
MARC view
Entry Personal Name
001 - CONTROL NUMBER
- control field: 12298
003 - CONTROL NUMBER IDENTIFIER
- control field: ARRUPE
005 - DATE AND TIME OF LATEST TRANSACTION
- control field: 20141030132813.0
008 - FIXED-LENGTH DATA ELEMENTS
- fixed length control field: 141030|| aca||aabn | a|a d
040 ## - CATALOGING SOURCE
- Original cataloging agency: ARRUPE
- Transcribing agency: ARRUPE
100 ## - HEADING--PERSONAL NAME
- Personal name: Bynum, W. F.
- Fuller form of name: (William F.),
- Dates associated with a name: 1943-
670 ## - SOURCE DATA FOUND
- Source citation: Work cat.: (ARRUPE)0: Bynum, W. F. (William F.), 1943-, Dictionary of the history of science /, c1981.